Visual evoked potentials in chronic alcoholism

Elmentve itt :
Bibliográfiai részletek
Szerzők: Janáky Márta
Benedek György
Dobravonics I.
Obál F.
Dokumentumtípus: Cikk
Megjelent: 1979
Sorozat:WISSENSCHAFTLICHE ZEITSCHRIFT DER ERNST-MORITZ-ARNDT-UNIVERSITÄT GREIFSWALD. MEDIZINISCHE REIHE 28
Tárgyszavak:
mtmt:2066941
Online Access:http://publicatio.bibl.u-szeged.hu/34182
LEADER 00798nab a2200229 i 4500
001 publ34182
005 20250530134855.0
008 250530s1979 hu o 000 eng d
022 |a 0138-1067 
024 7 |a 2066941  |2 mtmt 
040 |a SZTE Publicatio Repozitórium  |b hun 
041 |a eng 
100 1 |a Janáky Márta 
245 1 0 |a Visual evoked potentials in chronic alcoholism  |h [elektronikus dokumentum] /  |c  Janáky Márta 
260 |c 1979 
300 |a 141-143 
490 0 |a WISSENSCHAFTLICHE ZEITSCHRIFT DER ERNST-MORITZ-ARNDT-UNIVERSITÄT GREIFSWALD. MEDIZINISCHE REIHE  |v 28 
650 4 |a Klinikai orvostan 
700 0 1 |a Benedek György  |e aut 
700 0 1 |a Dobravonics I.  |e aut 
700 0 1 |a Obál F.  |e aut 
856 4 0 |u http://publicatio.bibl.u-szeged.hu/34182/1/aok_klny_1225_79.pdf  |z Dokumentum-elérés